| 000 | 00998cam a2200289 i 4500 | ||
|---|---|---|---|
| 001 | 63204 | ||
| 003 | Mx-PuUPA | ||
| 005 | 20250422130444.0 | ||
| 008 | 140415s1997 mx gr 001 0 spa d | ||
| 020 | _a968232064X | ||
| 040 |
_aMx-PuUPA _bspa _cMx-PuUPA _dMx-PuUPA _erda |
||
| 041 | 0 | _aspa | |
| 100 | 1 |
_aLida, Clara E., _q(Clara Eugenia) _eautor _93997 |
|
| 245 | 1 | 0 |
_aInmigración y exilio : _breflexiones sobre el caso español / _cpor Clara E. Lida. |
| 250 | _aPrimera edición | ||
| 264 | 1 |
_aMéxico, D.F. : _bSiglo XXI Editores, _c1997 |
|
| 300 |
_a174 páginas : _bgráficas, tablas ; _c21 cm |
||
| 336 |
_atexto _2rdacontent _btxt |
||
| 337 |
_asin medio _2rdamedia _bn |
||
| 338 |
_avolumen _2rdacarrier _bnc |
||
| 490 | 0 | _aHistoria | |
| 650 | 7 |
_aMigrantes españoles _zMéxico _xCondiciones sociales y culturales _2armarc |
|
| 650 | 7 |
_aExilio español en México _2armarc |
|
| 942 |
_2ddc _cLI _h304.872046 _iL712 |
||
| 999 |
_c63204 _d63204 |
||